01075nam a2200265 a 4500001001000000003000900010005001700019007000300036008004100039040002500080082002300105100004500128245005300173260003800226300002800264500006700292590002800359650002900387650002600416910000700442942001400449952020200463952012700665999001700792000031033DO-SdBNP20230216080110.0ta110610s1982 dr a 000 p spa d aDO-SdBNPbspacBNPHU 222aRD863.44bQ64p1 aQuidiello de Bosch, Carmen,d1915-9825510aPajaritas de papel /cCarmen Quidiello de Bosch. aSanto Domingo :bCorripio,c1982. a111 p. :bil. ;c16 cm. aIncluye datos biográficos de la autora en la contracubierta. aInventariado, 2023 / DG4 aCuento dominicano9269034 aLiteratura dominicana aDG 2ddccLBS1 001050718RVaPDbPDcCTd2011-06-10iLF1l0o p31033-10r2020-06-25w2020-06-25y1zPerteneció a la biblioteca personal de Aída Cartagena Portalatín. Dedicado por la autora.ZNo se presta 00102ddc51708PDaBNPHUbBNPHUcCTd2023-02-16l0oBNPHU DS RD863.44 Q64pp2023-0976r2023-02-16te.2w2023-02-16yLBS1 c30525d30525